| 000 | 01141cam a2200253 4500 | ||
|---|---|---|---|
| 008 | #DATE n2002 000 0 eng u | ||
| 020 | _a1899296174 | ||
| 035 | _a(Sirsi) u120103 | ||
| 041 | _aeng | ||
| 050 |
_a690.241 _c18 |
||
| 100 | _aCunnington, P. | ||
| 245 | _aCaring for old houses. | ||
| 250 | _a3rd ed. | ||
| 260 |
_aMarston Magna _bMarston House _c2002 |
||
| 300 |
_a256p. _bill. _c25cm. |
||
| 350 | _a14.95 | ||
| 520 | _aDivided into two parts this book first considers the financial, historical and legal background to the conservation of older properties before addressing the specific issues relating to alterations, conversions and repairs. Individual chapters are devoted to floors and ceilings, interior features, roofs, services and walls. Part II concludes with some case histories, fire precautions for thatched properties, a list of useful organisations and a glossary. | ||
| 650 | _aHISTORIC BUILDINGS | ||
| 650 | _aHISTORIC HOUSES | ||
| 650 | _aLISTED BUILDINGS | ||
| 690 | _aBUILT ENVIRONMENT-BUILDING MAINTENANCE AND REFURBISHMENT-BUILDING CONSERVATION | ||
| 700 |
_aHenry, A. _xEditor |
||
| 942 | _n0 | ||
| 999 |
_c102470 _d102470 |
||